000 00803naa a22002777a 4500
001 28956
003 94194
005 20201118100606.0
008 ||||||n9999 ||| || ||
041 _aeng
100 _aFoss, Phillip O.
245 0 _aReorganization and reassigment in the california highway patrol
260 _aEstados Unidos :
_bInter-Universitu CaseProgram,
_c1967.
300 _app 187-213
500 _aContiene mapas y organigramas de la oficina de transito
562 _e0
650 _aCALIFORNIA, ESTADOS UNIDOS
650 _aCONTROL
650 _aDESCENTRALIZACIÓN
650 _aINFRAESTRUCTURA VIAL
650 _aREFORMAS ADMINISTRATIVAS
650 _aSERVICIO VIAL
650 _aTRANSITO
773 _06583
_aGovernmental reorganizations :
942 _cCHAP
999 _c28956
_d28956